01377nam a2200289 a 4500001001000000003000900010005001700019007000300036008004100039040002500080082001500105100003600120245005200156260004900208300002800257490002900285590002700314830005300341910001400394942001400408952011900422952017800541952011900719952011300838952011900951999001701070000026696DO-SdBNP20220913151313.0ta110324s1963 dr c 000 0 spa d aDO-SdBNPbspacBNPHU axxxbG216h aGarcía Aybar, José E93612013aLa huelga obrera /cJosé E. Aybar García ;. aSanto Domingo :bLibreria dominicana,c1963. a278 p. :bretr.c18 cm.1 aPensamiento Dominicano ; aInventariado, 2022/ YL 0aPensamiento Dominicano (Julio D. Postigo)919047 aYLockward 2ddccLBS1 00102ddc51708PD-RVaBNPHUbBNPHUcCTd2011-04-18iLF1oxxx G216hp26696-30r2020-06-25te. 3w2020-06-25yLBS1 00102ddc51708PD-RVaBNPHUbBNPHUcCTd2011-08-17iLF1oxxx G216hp26696-40r2020-06-25te. 4w2020-06-25yLBS1zPerteneció a la biblioteca personal de Martínez Boog. 00102ddc51708PD-RVaBNPHUbBNPHUcMId2013-07-11iLF1oxxx G216hp26696-50r2020-06-25te. 5w2020-06-25yLBS1 00102ddc51708PD-RVaBNPHUbBNPHUcCTd2011-03-24iLF1oxxx G216hp26696-10r2020-06-25w2020-06-25yLBS1 00102ddc51708PD-RVaBNPHUbBNPHUcCTd2011-04-05iLF1oxxx G216hp26696-20r2020-06-25te. 2w2020-06-25yLBS1 c26188d26188